Star Wars VII - Test - Statistiques

Statistiques générales
  • Ce quiz a été pris 158 fois
  • Le résultat moyen est 9 sur 15
Statistiques - réponses
Hint Réponse % Correct
Quel est le vrai nom de Kylo Ren ? Ben Solo
95%
Comment se nomme le droïde de Poe Dameron ? BB-8
94%
Comment se nomme le Stormtrooper ayant déserté ? FN-2187 / Finn
93%
Comment se nomme l'épisode VII Le Réveil de La Force
90%
Comment se nomme la planète ou vit Rey ? Jakku
83%
Qui est le chef des rebelles ? Générale Leïa Organa
79%
Qui est le Leader Sûpreme ? Snoke
79%
Combien de "Clans" coincent Han Solo et sa bande, dans le Faucon Millenium ? Deux
75%
Comment se nomme le côté obscur, créé des cendres de l'Empire ? Le premier ordre
72%
Quel est l'arme de Rey ? Un bâton
65%
Comment se nomme "La nouvelle étoile Noire" ? Starkiller
62%
Quel objet sert de maison à Rey ? Un AT-AT
24%
Ou se trouve le sabre de Luke Skywalker ? Dans la cave de Maz
11%
Quel était le métier du Stormtrooper ayant déserté Chef des ordures
3%
Comment Finn et Poe ont atterri sur Jakku ? Leur vaisseau a été touché, et s'est écrasé
2%
Aucun quiz correspondant
Distribution des résultats
% des personnes avec chaque résultat
Percentile par nombre de réponses
Votre historique - résultats
Vous n’avez pas pris ce quiz